|
|
|
|
| LEADER |
00000nam a2200000 4500 |
| 008 |
160727b2000 M ||||| |||| 00| | spa d |
| 020 |
|
|
|a 9688425206
|
| 090 |
|
|
|a 06.03.06
|b 2348
|
| 100 |
1 |
|
|9 15
|a Levy, Daniel C.
|
| 245 |
1 |
3 |
|a La educación superior y el estado en Latinoamérica: desafíos privados al predominio público /
|c Daniel C. Levy
|
| 250 |
|
|
|a 1 reimpresión de la primera edición en español
|
| 260 |
|
|
|a México :
|b Centro de estudios de la univerisidad,
|c 2000
|
| 300 |
|
|
|a 666 páginas
|
| 490 |
|
|
|a Problemas educativos de México
|
| 650 |
1 |
4 |
|9 8
|a EDUCACIÓN SUPERIOR
|
| 650 |
1 |
4 |
|9 451
|a POLÍTICA EDUCATIVA
|
| 650 |
1 |
4 |
|9 972
|a PRIVATIZACIÓN
|
| 650 |
1 |
4 |
|9 17
|a ESTADO
|
| 650 |
1 |
4 |
|9 16
|a UNIVERSIDADES
|
| 942 |
|
|
|i 004201
|h 06.03.06 2348
|2 z
|c 01
|
| 999 |
|
|
|c 3283
|d 3283
|